| 000 | 00434pab a2200181 454500 | ||
|---|---|---|---|
| 008 | 180718b2009 xxu||||| |||| 00| 0 eng d | ||
| 100 | _aMoor, Tyler | ||
| 245 | _aThe economics of online crime | ||
| 260 | _c2009 | ||
| 300 | _ap.3-20. | ||
| 362 | _aSummer | ||
| 650 | _aData protection | ||
| 700 | _aAnderson, Ross | ||
| 700 | _aClayton, Richard | ||
| 773 | _aJournal of Economic Perspectives | ||
| 908 | _aN | ||
| 909 | _a84271 | ||
| 999 |
_c84271 _d84271 |
||